ბათუმის შოთა რუსთაველის სახელმწიფო უნივერსიტეტის ბიბლიოთეკა

Психология обучения, №1 январь, 2016. (ბიბ.ჩანაწერი № 52057)

000 -LEADER
fixed length control field 00548nam a2200193Ia 4500
001 - CONTROL NUMBER
control field 19062
003 - CONTROL NUMBER IDENTIFIER
control field GE_BSU
008 - FIXED-LENGTH DATA ELEMENTS--GENERAL INFORMATION
fixed length control field 181216s||||||||xx |||||||||||||| ||und||
040 ## - CATALOGING SOURCE
Transcribing agency GE_BSU
245 ## - TITLE STATEMENT
Title Психология обучения, №1 январь, 2016.
245 ## - TITLE STATEMENT
Statement of responsibility, etc. Гл. ред. Т. Н. Березина и др.
260 ## - PUBLICATION, DISTRIBUTION, ETC.
Place of publication, distribution, etc. Москва
260 ## - PUBLICATION, DISTRIBUTION, ETC.
Name of publisher, distributor, etc. изд-во СГУ
260 ## - PUBLICATION, DISTRIBUTION, ETC.
Date of publication, distribution, etc. 2016
300 ## - PHYSICAL DESCRIPTION
Extent 120стр,24см
653 ## - INDEX TERM--UNCONTROLLED
Uncontrolled term Психология обучения
653 ## - INDEX TERM--UNCONTROLLED
Uncontrolled term პერიოდიკა
942 ## - ADDED ENTRY ELEMENTS (KOHA)
Koha item type პერიოდიკა
ეგზემპლარები
Withdrawn status Lost status Damaged status Not for loan Date acquired Barcode Date last seen Price effective from Koha item type
        2018-12-17 p77461 2018-12-17 2018-12-17 პერიოდიკა